[Event "MetroWest CC-06"]
[Site "Natick"]
[Date "1998.06.??"]
[Round "2"]
[White "Ward, Alfred"]
[Black "Slezka, Vojtech"]
[Result "0-1"]
[WhiteElo "1836"]
[BlackElo "2395"]
[PlyCount "44"]
[EventDate "1998.06.??"]
[EventType "swiss"]
[EventRounds "5"]
[EventCountry "USA"]
[SourceTitle "EXT 2005"]
[Source "ChessBase"]
[SourceDate "2004.11.15"]
[SourceVersion "1"]
[SourceVersionDate "2004.11.15"]
[SourceQuality "1"]

1. Nf3 d5 2. c4 e6 3. Nc3 d4 4. Ne4 f5 5. Ng3 Nf6 6. d3 Nc6 7. Bf4 e5 8. Bd2 a5 9. e3 dxe3 10. fxe3 Bd6 11. Ne2 0-0 12. Nc3 e4 13. Ng1 Ng4 14. g3 f4 15. Nxe4 fxe3 16. Bc3 Bb4 17. Ne2 Bf5 18. Bg2 Nf2 19. Nxf2 exf2+ 20. Kxf2 Bg4+ 21. Kg1 Bxe2 22. Qxe2 Bc5+ 0-1

[Event "CZE-chT2 9697"]
[Site "Czech Republic"]
[Date "1997.??.??"]
[Round "?"]
[White "Slezka, Vojtech"]
[Black "Tupy, Martin"]
[Result "1/2-1/2"]
[WhiteElo "2330"]
[BlackElo "2215"]
[PlyCount "98"]
[EventDate "1996.??.??"]
[EventType "team"]
[EventRounds "11"]
[EventCountry "CZE"]
[SourceTitle "EXT 1998"]
[Source "ChessBase"]
[SourceDate "1997.11.17"]
[SourceVersion "1"]
[SourceVersionDate "1997.11.17"]
[SourceQuality "1"]

1. d4 Nf6 2. c4 g6 3. Nc3 Bg7 4. e4 d6 5. Nf3 0-0 6. Be2 e5 7. Be3 Ng4 8. Bg5 f6 9. Bc1 Nc6 10. d5 Ne7 11. Nd2 f5 12. Bxg4 fxg4 13. Nf1 Kh8 14. Be3 c5 15. Qd2 Rf7 16. Ng3 Ng8 17. a3 Qf8 18. Rb1 Bh6 19. Bxh6 Nxh6 20. Nf1 b6 21. Qe3 Bd7 22. Nd2 Rb8 23. 0-0 Rf4 24. b4 Nf7 25. bxc5 dxc5 26. Ne2 Rf6 27. f4 gxf3 28. Rxf3 Rxf3 29. Qxf3 Nd6 30. Qc3 Re8 31. Rf1 Qe7 32. Qe3 Kg7 33. Nc1 Bc8 34. Qc3 Bg4 35. h3 Bc8 36. Nd3 Qg5 37. Kh1 Qe3 38. Re1 Qd4 39. Qxd4 cxd4 40. Nf3 Nxc4 41. Rc1 b5 42. a4 a6 43. axb5 axb5 44. Rb1 Bd7 45. Nc5 Re7 46. Ne1 Be8 47. Ned3 Ra7 48. Rf1 Bf7 49. Rb1 Be8 1/2-1/2

[Event "CZE-chT 9596"]
[Site "Czech Republic"]
[Date "1996.02.03"]
[Round "8"]
[White "Slezka, Vojtech"]
[Black "Krupkova, Petra"]
[Result "1/2-1/2"]
[WhiteElo "2320"]
[BlackElo "2300"]
[PlyCount "80"]
[EventDate "1995.10.21"]
[EventType "team-tourn"]
[EventRounds "11"]
[EventCountry "CZE"]
[SourceTitle "EXT 2019"]
[Source "ChessBase"]
[SourceDate "2018.10.10"]
[SourceVersion "1"]
[SourceVersionDate "2018.10.10"]
[SourceQuality "1"]
[WhiteTeam "Praha Dukla"]
[BlackTeam "Praha Mladi"]
[WhiteTeamCountry "CZE"]
[BlackTeamCountry "CZE"]

1. d4 Nf6 2. c4 g6 3. Nc3 d5 4. Bg5 Ne4 5. Bh4 Nxc3 6. bxc3 dxc4 7. e3 Bg7 8. Bxc4 c5 9. Nf3 0-0 10. 0-0 Nc6 11. Qe2 Qc7 12. Bg3 e5 13. h3 Qe7 14. d5 Na5 15. e4 Nxc4 16. Qxc4 Qd6 17. a4 Bd7 18. Qe2 Rae8 19. Nd2 f5 20. f3 f4 21. Bf2 b6 22. Rfb1 g5 23. Kf1 Rf7 24. c4 a5 25. Rb3 Bf6 26. Nb1 Bd8 27. Nc3 h5 28. Ke1 Rg7 29. Kd2 Kf7 30. Rbb1 Reg8 31. Nb5 Qg6 32. Rh1 g4 33. hxg4 hxg4 34. Rag1 g3 35. Be1 Rh7 36. Rxh7+ Qxh7 37. Qf1 Rh8 38. Kc2 Bxb5 39. cxb5 Ke7 40. Bc3 Bc7 1/2-1/2

[Event "CZE-chT1 9596"]
[Site "Czech Republic"]
[Date "1996.??.??"]
[Round "?"]
[White "Hosticka, Frantisek"]
[Black "Slezka, Vojtech"]
[Result "0-1"]
[WhiteElo "2265"]
[BlackElo "2345"]
[PlyCount "76"]
[EventDate "1995.??.??"]
[EventType "team-tourn"]
[EventRounds "11"]
[EventCountry "CZE"]
[SourceTitle "EXT 2000"]
[Source "ChessBase"]
[SourceDate "1999.11.16"]
[SourceVersion "1"]
[SourceVersionDate "1999.11.16"]
[SourceQuality "1"]

1. e4 c5 2. Nf3 d6 3. c3 Nf6 4. Bd3 Bg4 5. h3 Bh5 6. 0-0 e6 7. Re1 Nc6 8. Bb5 a6 9. Bxc6+ bxc6 10. d3 Nd7 11. Nbd2 Be7 12. Nf1 0-0 13. Ng3 Bg6 14. Qa4 Qb6 15. Re2 Qb5 16. Qd1 a5 17. a4 Qb7 18. Bg5 Ne5 19. Nxe5 Bxg5 20. Nxg6 hxg6 21. Rc2 e5 22. Qg4 Qe7 23. Qf3 Rab8 24. Nf1 Rb3 25. g3 Rfb8 26. h4 Bh6 27. Qe2 Qe6 28. Kg2 f5 29. Nh2 Qf6 30. Re1 R3b7 31. exf5 gxf5 32. Nf3 Qg6 33. Ng1 Rf7 34. Qf3 Rc8 35. Nh3 Qf6 36. Ng1 f4 37. Rf1 d5 38. Qg4 Rcf8 0-1

[Event "CZE-chT 9495"]
[Site "Czech Republic"]
[Date "1995.02.11"]
[Round "7"]
[White "Simacek, Pavel"]
[Black "Slezka, Vojtech"]
[Result "1-0"]
[WhiteElo "2125"]
[BlackElo "2345"]
[PlyCount "61"]
[EventDate "1994.10.15"]
[EventType "team-tourn"]
[EventRounds "9"]
[EventCountry "CZE"]
[SourceTitle "EXT 2019"]
[Source "ChessBase"]
[SourceDate "2018.10.10"]
[SourceVersion "1"]
[SourceVersionDate "2018.10.10"]
[SourceQuality "1"]
[WhiteTeam "Grygov A64 Valoz"]
[BlackTeam "Praha Dukla"]
[WhiteTeamCountry "CZE"]
[BlackTeamCountry "CZE"]

1. e4 c5 2. Nf3 d6 3. d4 cxd4 4. Nxd4 Nf6 5. Nc3 Nc6 6. Bg5 e6 7. Qd2 Be7 8. 0-0-0 0-0 9. f4 h6 10. Bh4 e5 11. Nf5 Bxf5 12. exf5 exf4 13. Kb1 d5 14. Bxf6 Bxf6 15. Nxd5 Be5 16. g4 Ne7 17. Bg2 Nxd5 18. Bxd5 Qf6 19. c3 Rad8 20. h4 Rd6 21. Qc2 g5 22. fxg6 Qxg6 23. g5 hxg5 24. hxg5 b6 25. Be4 Rxd1+ 26. Rxd1 Qg7 27. g6 fxg6 28. Bd5+ Rf7 29. Qe4 Qf6 30. Bxf7+ Kxf7 31. Rd7+ 1-0

[Event "CZE-chT2"]
[Site "Czech Republic"]
[Date "1995.??.??"]
[Round "?"]
[White "Nun, Jiri"]
[Black "Slezka, Vojtech"]
[Result "1/2-1/2"]
[WhiteElo "2385"]
[BlackElo "2345"]
[PlyCount "89"]
[EventDate "1995.??.??"]
[EventType "team"]
[EventRounds "11"]
[EventCountry "CZE"]
[SourceTitle "EXT 1997"]
[Source "ChessBase"]
[SourceDate "1996.11.15"]
[SourceVersion "1"]
[SourceVersionDate "1996.11.15"]
[SourceQuality "1"]

1. e4 c5 2. Nf3 d6 3. c3 Nf6 4. Be2 e6 5. 0-0 Be7 6. Re1 0-0 7. Bf1 b6 8. d4 Bb7 9. Nbd2 Nbd7 10. e5 dxe5 11. dxe5 Nd5 12. Ne4 Qc7 13. c4 Nb4 14. Bf4 Rfd8 15. Qc1 Nf8 16. Nf6+ Kh8 17. Ng5 gxf6 18. Nxf7+ Kg8 19. exf6 Bd6 20. Nxd6 Rxd6 21. Bxd6 Qxd6 22. Qg5+ Ng6 23. Rad1 Qf4 24. Qxf4 Nxf4 25. g3 Nc2 26. gxf4 Nxe1 27. Rxe1 Kf7 28. Bh3 Re8 29. Re3 Kxf6 30. f3 Re7 31. Kf2 Bc6 32. Rd3 Rd7 33. Rxd7 Bxd7 34. Bf1 Be8 35. Bd3 h6 36. Ke3 Bc6 37. Be4 Be8 38. Kd3 Bd7 39. Kc3 Ba4 40. b4 Bd7 41. bxc5 bxc5 42. Kd3 Be8 43. Ke3 Ba4 44. Bb7 Bc2 45. Be4 1/2-1/2

[Event "CZE-chT2"]
[Site "Czech Republic"]
[Date "1995.??.??"]
[Round "?"]
[White "Slezka, Vojtech"]
[Black "Kozak, Milos"]
[Result "1-0"]
[WhiteElo "2345"]
[BlackElo "2300"]
[PlyCount "57"]
[EventDate "1995.??.??"]
[EventType "team"]
[EventRounds "11"]
[EventCountry "CZE"]
[SourceTitle "EXT 1997"]
[Source "ChessBase"]
[SourceDate "1996.11.15"]
[SourceVersion "1"]
[SourceVersionDate "1996.11.15"]
[SourceQuality "1"]

1. d4 Nf6 2. c4 e6 3. Nc3 Bb4 4. e3 b6 5. Bd3 Bb7 6. Nge2 Bxg2 7. Rg1 Be4 8. a3 Bxd3 9. Qxd3 Bf8 10. e4 d6 11. Bg5 Nbd7 12. f4 Be7 13. 0-0-0 g6 14. e5 Ng8 15. d5 Bxg5 16. dxe6 fxe6 17. Rxg5 dxe5 18. Rgg1 Ngf6 19. fxe5 Nxe5 20. Qe3 Nfd7 21. Rgf1 Qe7 22. Qe4 0-0-0 23. Qa8+ Nb8 24. Nb5 Nec6 25. Ned4 Nxd4 26. Nxa7+ Kd7 27. Rxd4+ Ke8 28. Nc6 Qg5+ 29. Kb1 1-0

[Event "CZE-chT2"]
[Site "Czech Republic"]
[Date "1995.??.??"]
[Round "?"]
[White "Slezka, Vojtech"]
[Black "Mozny, Milos"]
[Result "1/2-1/2"]
[WhiteElo "2345"]
[BlackElo "2435"]
[PlyCount "82"]
[EventDate "1995.??.??"]
[EventType "team"]
[EventRounds "11"]
[EventCountry "CZE"]
[SourceTitle "EXT 1997"]
[Source "ChessBase"]
[SourceDate "1996.11.15"]
[SourceVersion "1"]
[SourceVersionDate "1996.11.15"]
[SourceQuality "1"]

1. d4 d5 2. Nf3 e6 3. c4 Nf6 4. Nc3 c5 5. cxd5 exd5 6. g3 Nc6 7. Bg2 Be7 8. 0-0 0-0 9. Be3 c4 10. Ne5 Qa5 11. h3 Rd8 12. f4 Bb4 13. Qc2 Ne8 14. Rad1 f6 15. Ng4 Ne7 16. Bf2 Bxc3 17. bxc3 Nd6 18. Ne3 Be6 19. g4 Bf7 20. f5 Rd7 21. Bg3 Re8 22. Bxd6 Rxd6 23. Bf3 Nc8 24. Ng2 Ra6 25. Rd2 Nd6 26. e3 Qc7 27. Qb2 Ne4 28. Bxe4 Rxe4 29. Rf3 Rb6 30. Qc2 Rb5 31. Nf4 Qb6 32. Re2 Rb1+ 33. Rf1 Rb5 34. Kg2 Ra5 35. Rff2 Qd6 36. Rf1 b5 37. Rb1 a6 38. Kf3 Ra3 39. Qb2 h6 40. Kf2 Ra4 41. Qc1 Kh7 1/2-1/2

[Event "CZE-chT 9495"]
[Site "Czech Republic"]
[Date "1994.11.12"]
[Round "3"]
[White "Netusil, Miloslav"]
[Black "Slezka, Vojtech"]
[Result "1/2-1/2"]
[WhiteElo "2290"]
[BlackElo "2375"]
[PlyCount "83"]
[EventDate "1994.10.15"]
[EventType "team-tourn"]
[EventRounds "9"]
[EventCountry "CZE"]
[SourceTitle "EXT 2019"]
[Source "ChessBase"]
[SourceDate "2018.10.10"]
[SourceVersion "1"]
[SourceVersionDate "2018.10.10"]
[SourceQuality "1"]
[WhiteTeam "Vysehrad SK Sokol"]
[BlackTeam "Praha Dukla"]
[WhiteTeamCountry "CZE"]
[BlackTeamCountry "CZE"]

1. d4 d5 2. c4 e6 3. Nc3 Be7 4. Nf3 Nf6 5. cxd5 exd5 6. Bg5 c6 7. Qc2 Nbd7 8. e3 Nf8 9. Bd3 Ne6 10. Bh4 g6 11. Ne5 Ng7 12. f3 Bf5 13. e4 Be6 14. Bf2 0-0 15. 0-0 Rc8 16. Rad1 Nfe8 17. exd5 cxd5 18. Qb3 Rb8 19. Rfe1 Nc7 20. Na4 Re8 21. Bf1 Bd6 22. Nc5 Bxe5 23. Rxe5 b6 24. Nd3 f6 25. Ree1 Bf7 26. g4 Qd7 27. Bh4 g5 28. Bg3 Rxe1 29. Nxe1 Rd8 30. Qa3 Nce6 31. Qb4 Nf4 32. Bb5 Qe6 33. Qd2 Ng6 34. Nd3 Be8 35. Re1 Qf7 36. Qb4 Bxb5 37. Qxb5 Qd7 38. Qxd7 Rxd7 39. f4 gxf4 40. Nxf4 Nxf4 41. Bxf4 Kf7 42. Rc1 1/2-1/2

[Event "CZE-chT 9394"]
[Site "Czech Republic"]
[Date "1994.01.22"]
[Round "5"]
[White "Lys, Josef"]
[Black "Slezka, Vojtech"]
[Result "1-0"]
[WhiteElo "2290"]
[BlackElo "2380"]
[PlyCount "119"]
[EventDate "1994.11.27"]
[EventType "team-tourn"]
[EventRounds "9"]
[EventCountry "CZE"]
[SourceTitle "EXT 2019"]
[Source "ChessBase"]
[SourceDate "2018.10.10"]
[SourceVersion "1"]
[SourceVersionDate "2018.10.10"]
[SourceQuality "1"]
[WhiteTeam "Karvina SK Banik CSA "]
[BlackTeam "Praha Dukla"]
[WhiteTeamCountry "CZE"]
[BlackTeamCountry "CZE"]

1. d4 d5 2. Nf3 Nf6 3. c4 e6 4. e3 Be7 5. Nc3 0-0 6. b3 b6 7. Be2 Bb7 8. 0-0 Nbd7 9. Bb2 c5 10. Rc1 Rc8 11. Qd3 Qc7 12. Ba3 dxc4 13. bxc4 Rfe8 14. Rfd1 a6 15. Na4 Red8 16. Qb3 Rb8 17. Nd2 Bd6 18. h3 Ne4 19. Bf3 Bh2+ 20. Kf1 Nxd2+ 21. Rxd2 Bxf3 22. gxf3 cxd4 23. Rxd4 Be5 24. Rd3 Nc5 25. Nxc5 bxc5 26. Rcd1 Rxd3 27. Qxd3 Qa5 28. Kg2 h6 29. f4 Bf6 30. Qd6 Rc8 31. Rd3 Qa4 32. Qd7 Qxd7 33. Rxd7 Rc6 34. Kf3 g6 35. Ke4 Kg7 36. Bc1 Ba1 37. Bd2 g5 38. f5 Kf6 39. Ba5 exf5+ 40. Kd5 Rc8 41. Bb6 h5 42. Bxc5 h4 43. Bd6 g4 44. hxg4 h3 45. c5 Rh8 46. Bh2 fxg4 47. c6 g3 48. Bxg3 Rh5+ 49. Ke4 Be5 50. f4 h2 51. fxe5+ Ke6 52. Rd6+ Ke7 53. Bxh2 Rxh2 54. Kd3 Rh1 55. Rd4 Ke6 56. c7 Rc1 57. Rc4 Rxc4 58. Kxc4 Kd7 59. Kd5 Kxc7 60. e6 1-0

[Event "Mlada Boleslav op"]
[Site "Mlada Boleslav"]
[Date "1994.??.??"]
[Round "6"]
[White "Daniliuk, Sergey"]
[Black "Slezka, Vojtech"]
[Result "1-0"]
[WhiteElo "2440"]
[BlackElo "2375"]
[PlyCount "73"]
[EventDate "1994.??.??"]
[EventType "swiss"]
[EventRounds "9"]
[EventCountry "CZE"]
[SourceTitle "EXT 1997"]
[Source "ChessBase"]
[SourceDate "1996.11.15"]
[SourceVersion "1"]
[SourceVersionDate "1996.11.15"]
[SourceQuality "1"]

1. e4 c5 2. c3 Nf6 3. e5 Nd5 4. Bc4 Nb6 5. Bb3 c4 6. Bc2 Nc6 7. Nf3 g6 8. 0-0 Bg7 9. Re1 d6 10. exd6 Qxd6 11. d4 cxd3 12. Qxd3 Qc7 13. Na3 a6 14. Nc4 0-0 15. Nxb6 Qxb6 16. Qc4 Qa5 17. Bg5 e5 18. Qh4 f6 19. Bb3+ Kh8 20. Bh6 Bf5 21. g4 g5 22. Bxg7+ Kxg7 23. Qg3 Bg6 24. h4 h6 25. Nd2 Rad8 26. Nc4 Qc5 27. Rad1 Rxd1 28. Rxd1 Rd8 29. Rxd8 Nxd8 30. h5 Bh7 31. Qf3 Nc6 32. Ne3 e4 33. Qd1 Ne5 34. Qd8 f5 35. gxf5 Nf3+ 36. Kf1 Qe5 37. Qd7+ 1-0

[Event "Klatovy op-A"]
[Site "Klatovy"]
[Date "1994.??.??"]
[Round "5"]
[White "Muzik, Martin"]
[Black "Slezka, Vojtech"]
[Result "1/2-1/2"]
[WhiteElo "2210"]
[BlackElo "2380"]
[PlyCount "86"]
[EventDate "1994.??.??"]
[EventType "swiss"]
[EventRounds "9"]
[EventCountry "CZE"]
[SourceTitle "EXT 2001"]
[Source "ChessBase"]
[SourceDate "2000.11.22"]
[SourceVersion "1"]
[SourceVersionDate "2000.11.22"]
[SourceQuality "1"]

1. e4 c5 2. c3 Nf6 3. e5 Nd5 4. d4 cxd4 5. Nf3 Nc6 6. Bc4 Nb6 7. Bb3 d5 8. exd6 Qxd6 9. 0-0 Be6 10. Bxe6 Qxe6 11. Nxd4 Nxd4 12. Qxd4 Rd8 13. Qh4 Qe2 14. Nd2 e6 15. Qg3 Bd6 16. Qxg7 Be5 17. Qg5 Rd3 18. Nf3 Rxf3 19. gxf3 Bxh2+ 20. Kg2 h6 21. Qg4 Nd5 22. c4 Nf6 23. Qh3 Be5 24. Be3 Bxb2 25. Rab1 b6 26. Kh1 Be5 27. Rfe1 Qxa2 28. Qh4 Rg8 29. Rbd1 Qc2 30. Qh3 Qxc4 31. Rc1 Qb5 32. Qh4 Qd5 33. Rc8+ Kd7 34. Rxg8 Nxg8 35. Qa4+ b5 36. Qxa7+ Bc7 37. Kg2 Ne7 38. Bf4 Qc6 39. Rd1+ Nd5 40. Bxh6 Qc2 41. Rh1 Qg6+ 42. Kf1 Qb1+ 43. Kg2 Qg6+ 1/2-1/2

[Event "Mlada Boleslav op"]
[Site "Mlada Boleslav"]
[Date "1994.??.??"]
[Round "5"]
[White "Slezka, Vojtech"]
[Black "Salac, Jiri"]
[Result "1-0"]
[WhiteElo "2375"]
[BlackElo "2230"]
[PlyCount "65"]
[EventDate "1994.??.??"]
[EventType "swiss"]
[EventRounds "9"]
[EventCountry "CZE"]
[SourceTitle "EXT 1997"]
[Source "ChessBase"]
[SourceDate "1996.11.15"]
[SourceVersion "1"]
[SourceVersionDate "1996.11.15"]
[SourceQuality "1"]

1. d4 d5 2. c4 c6 3. Nf3 Nf6 4. Nc3 e6 5. e3 Be7 6. Bd3 0-0 7. 0-0 dxc4 8. Bxc4 b5 9. Bd3 a6 10. e4 c5 11. dxc5 b4 12. Na4 Bb7 13. Qc2 Qc7 14. a3 b3 15. Qxb3 Nxe4 16. Be3 Nd7 17. Qc2 f5 18. Rac1 Bd5 19. b4 Bf6 20. c6 Ne5 21. Nxe5 Bxe5 22. f4 Bd6 23. Nb6 g5 24. Nxd5 exd5 25. g3 Rfe8 26. Qg2 Re6 27. fxg5 Rae8 28. Rxf5 Nxg3 29. Qxd5 Nxf5 30. Bxf5 Qf7 31. Bxe6 Rxe6 32. Rf1 Bxh2+ 33. Kg2 1-0

[Event "Hradec Kralove op"]
[Site "Hradec Kralove"]
[Date "1994.??.??"]
[Round "3"]
[White "Slezka, Vojtech"]
[Black "Stehlik, Jiri"]
[Result "1-0"]
[WhiteElo "2380"]
[BlackElo "2115"]
[PlyCount "57"]
[EventDate "1994.??.??"]
[EventType "swiss"]
[EventRounds "9"]
[EventCountry "CZE"]
[SourceTitle "EXT 1999"]
[Source "ChessBase"]
[SourceDate "1998.11.16"]
[SourceVersion "1"]
[SourceVersionDate "1998.11.16"]
[SourceQuality "1"]

1. d4 d5 2. c4 c6 3. Nf3 Nf6 4. Nc3 e6 5. e3 Nbd7 6. Bd3 Bb4 7. 0-0 0-0 8. Qc2 Bd6 9. e4 dxe4 10. Nxe4 Nxe4 11. Bxe4 h6 12. b3 c5 13. Bb2 cxd4 14. Nxd4 a6 15. Rad1 Qe7 16. Rfe1 Nf6 17. Bd3 Qc7 18. Nf3 Qe7 19. Qd2 Ne8 20. Bb1 b6 21. Qd3 f5 22. Be5 Bc5 23. Bc3 Nf6 24. Ne5 Kh7 25. b4 Bxf2+ 26. Kxf2 Bb7 27. Qd6 Qe8 28. Kg1 b5 29. Nd7 1-0

[Event "Hradec Kralove op"]
[Site "Hradec Kralove"]
[Date "1994.??.??"]
[Round "8"]
[White "Slezka, Vojtech"]
[Black "Trefny, Vlastimil"]
[Result "1/2-1/2"]
[WhiteElo "2380"]
[BlackElo "2220"]
[PlyCount "84"]
[EventDate "1994.??.??"]
[EventType "swiss"]
[EventRounds "9"]
[EventCountry "CZE"]
[SourceTitle "EXT 1999"]
[Source "ChessBase"]
[SourceDate "1998.11.16"]
[SourceVersion "1"]
[SourceVersionDate "1998.11.16"]
[SourceQuality "1"]

1. d4 d5 2. Nf3 Nf6 3. c4 e6 4. Nc3 c6 5. e3 Nbd7 6. Bd3 dxc4 7. Bxc4 b5 8. Bd3 a6 9. e4 c5 10. d5 Nb6 11. dxe6 Bxe6 12. Bg5 Be7 13. 0-0 0-0 14. Qe2 c4 15. Bc2 b4 16. Rad1 Nfd7 17. Bxe7 Qxe7 18. Nb1 Rac8 19. e5 Nc5 20. Rfe1 Nd5 21. Rd4 b3 22. axb3 cxb3 23. Be4 Nxe4 24. Qxe4 Qc5 25. Na3 Ne7 26. Rdd1 Bf5 27. Qb7 Bc2 28. Rd7 Rb8 29. Qxa6 Rfc8 30. e6 f6 31. Qd6 Qxd6 32. Rxd6 Nc6 33. e7 Nb4 34. Nd4 Nd3 35. e8Q+ Rxe8 36. Rxe8+ Rxe8 37. Ndxc2 bxc2 38. Nxc2 Nxb2 39. Ne3 Nc4 40. Rd3 Nxe3 41. fxe3 Kf7 42. Kf2 Re7 1/2-1/2

[Event "Mlada Boleslav op"]
[Site "Mlada Boleslav"]
[Date "1994.??.??"]
[Round "4"]
[White "Suran, Jan"]
[Black "Slezka, Vojtech"]
[Result "1/2-1/2"]
[WhiteElo "2145"]
[BlackElo "2375"]
[PlyCount "49"]
[EventDate "1994.??.??"]
[EventType "swiss"]
[EventRounds "9"]
[EventCountry "CZE"]
[SourceTitle "EXT 1997"]
[Source "ChessBase"]
[SourceDate "1996.11.15"]
[SourceVersion "1"]
[SourceVersionDate "1996.11.15"]
[SourceQuality "1"]

1. d4 d5 2. Nf3 Nf6 3. c4 e6 4. Nc3 Be7 5. Bg5 0-0 6. e3 h6 7. Bxf6 Bxf6 8. Rc1 c6 9. Bd3 Nd7 10. 0-0 dxc4 11. Bxc4 e5 12. h3 exd4 13. exd4 Nb6 14. Bb3 Bf5 15. Re1 Qd6 16. Ne5 Rad8 17. Qf3 Bxe5 18. dxe5 Qg6 19. Ne4 Bxe4 20. Rxe4 Qg5 21. Rce1 Nd5 22. Rg4 Qd2 23. Rd1 Qxb2 24. Bxd5 Rxd5 25. Rxd5 1/2-1/2

[Event "CZE-chT 9394"]
[Site "Czech Republic"]
[Date "1993.12.11"]
[Round "3"]
[White "Vavra, Pavel"]
[Black "Slezka, Vojtech"]
[Result "0-1"]
[WhiteElo "2350"]
[BlackElo "2380"]
[PlyCount "58"]
[EventDate "1994.11.27"]
[EventType "team-tourn"]
[EventRounds "9"]
[EventCountry "CZE"]
[SourceTitle "EXT 2019"]
[Source "ChessBase"]
[SourceDate "2018.10.10"]
[SourceVersion "1"]
[SourceVersionDate "2018.10.10"]
[SourceQuality "1"]
[WhiteTeam "Praha Bohemians"]
[BlackTeam "Praha Dukla"]
[WhiteTeamCountry "CZE"]
[BlackTeamCountry "CZE"]

1. e4 c5 2. Nf3 d6 3. d4 cxd4 4. Nxd4 Nf6 5. Nc3 Nc6 6. Bc4 e6 7. Be3 a6 8. Qe2 Na5 9. Bd3 Qc7 10. 0-0-0 b5 11. g4 Bb7 12. g5 Nd7 13. f4 Nc5 14. a3 Nxd3+ 15. Rxd3 Nc4 16. Bf2 Be7 17. Rg1 Qa5 18. Rh3 0-0-0 19. f5 e5 20. f6 gxf6 21. Nf5 Qc7 22. a4 d5 23. axb5 Bc5 24. exd5 Bxf2 25. Qxf2 Kb8 26. bxa6 Qa5 27. Kb1 Qb4 28. Nd1 Rxd5 29. axb7 Rxd1+ 0-1